Alergia en la práctica clínica (Record no. 38085)

MARC details
000 -LEADER
fixed length control field 00679cam a22002291 4500
001 - CONTROL NUMBER
control field med47000459
003 - CONTROL NUMBER IDENTIFIER
control field DLC
005 - DATE AND TIME OF LATEST TRANSACTION
control field 20260227111559.0
008 - FIXED-LENGTH DATA ELEMENTS--GENERAL INFORMATION
fixed length control field 810815s1946 xx a 000 0 spa
010 ## - LIBRARY OF CONGRESS CONTROL NUMBER
LC control number med47000459
035 ## - SYSTEM CONTROL NUMBER
System control number (OCoLC)14734113
040 ## - CATALOGING SOURCE
Original cataloging agency DLC
Transcribing agency DNLM
Modifying agency DLC
042 ## - AUTHENTICATION CODE
Authentication code premarc
050 00 - LIBRARY OF CONGRESS CALL NUMBER
Classification number RC253
Item number .V33
060 0# - NATIONAL LIBRARY OF MEDICINE CALL NUMBER
Classification number WD 300
Item number V293a 1946
100 2# - MAIN ENTRY--PERSONAL NAME
Personal name Varela Fuentes, Benigno.
245 10 - TITLE STATEMENT
Title Alergia en la práctica clínica
Statement of responsibility, etc. [por] B. Varela Fuentes ... P. P. Recarte ... [y] A. Graña ...
260 ## - PUBLICATION, DISTRIBUTION, ETC.
Place of publication, distribution, etc. Buenos Aires [etc.]
Name of publisher, distributor, etc. Espasa-Calpe argentina,
Date of publication, distribution, etc. 1946.
300 ## - PHYSICAL DESCRIPTION
Extent xxi, 974 p.
Other physical details ill.
700 1# - ADDED ENTRY--PERSONAL NAME
Personal name Recarte, Pablo.
700 1# - ADDED ENTRY--PERSONAL NAME
Personal name Graña, Alfonso.

No items available.

Powered by Koha